Understanding Mexico's security conundrum /

Unlike other analyses which aim to explain the notion of national security in Mexico and at the same time address the security challenges facing the country, this short text describes the distinction between national, internal and public security in Mexico. It is the first book to provide detailed a...

Full description

Bibliographic Details
Main Author: Maciel Padilla, Agustín (Author)
Format: Book
Language:English
Published: New York : Routledge, 2021.
Series:Routledge advances in international relations and global politics.
Subjects:

MARC

Tag First Indicator Second Indicator Subfields
LEADER 00000cam a2200000 i 4500
001 in00004412321
005 20210318101409.0
008 201006s2021 nyu b 001 0 eng
010 |a  2020043091 
035 |a (OCoLC)on1200037471 
040 |a DLC  |e rda  |c DLC 
020 |a 9780367424121  |q hardcover 
020 |a 0367424126  |q hardcover 
020 |z 9780367824006  |q electronic book 
020 |z 9781000245509  |q Adobe  |q electronic book 
020 |z 9781000245530  |q Mobipocket  |q electronic book 
020 |z 9781000245561  |q electronic publication 
043 |a n-mx--- 
050 0 0 |a UA603  |b .M253 2021 
082 0 0 |a 355/.033572  |2 23 
049 |a TXAM 
100 1 |a Maciel Padilla, Agustín,  |e author. 
245 1 0 |a Understanding Mexico's security conundrum /  |c Agustín Maciel-Padilla. 
264 1 |a New York :  |b Routledge,  |c 2021. 
300 |a xii, 93 pages ;  |c 23 cm. 
336 |a text  |b txt  |2 rdacontent 
337 |a unmediated  |b n  |2 rdamedia 
338 |a volume  |b nc  |2 rdacarrier 
490 1 |a Routledge advances in international relations and global politics 
500 |a "Routledge Focus." 
504 |a Includes bibliographical references and index. 
520 |a Unlike other analyses which aim to explain the notion of national security in Mexico and at the same time address the security challenges facing the country, this short text describes the distinction between national, internal and public security in Mexico. It is the first book to provide detailed analysis on Mexico's security policy and its long-term consequences. Former Mexican government official Augustin Maciel-Padilla contends that the absence of a clear understanding of the complexities and sophistication of the concept of security has the potential to aggravate security conditions in Mexico. Achieving a proper understanding allows for a better guidance in confronting the grave insecurity facing the country, and for addressing other issues such as human rights, democracy and the country's international exposure. Maciel-Padilla reasons that Mexico is required to formulate a comprehensive, long-term, security strategy and with this book he proposes a contribution towards that long-term goal. Understanding Mexico's Security Conundrum will be essential for scholars, students and policymakers. 
650 0 |a National security  |z Mexico. 
650 0 |a Internal security  |z Mexico. 
650 0 |a Public safety  |z Mexico. 
650 0 |a Human rights  |z Mexico. 
650 0 |a Democracy  |z Mexico. 
830 0 |a Routledge advances in international relations and global politics. 
945 |b 784223 
947 |a A14851605551 
948 |a cataloged  |b h  |c 2021/3/18  |d c  |e dmitchel  |f 10:10:10 am 
994 |a 92  |b TXA 
999 f f |s 12815c7e-cc8b-34e2-9b82-023d43ec65f5  |i 4b5e654d-d871-3b02-b1c4-e0c581739889  |t 0 
952 f f |p normal  |a Texas A&M University  |b College Station  |c Sterling C. Evans Library  |d Evans: Library Stacks  |t 0  |e UA603 .M253 2021  |h Library of Congress classification  |i unmediated -- volume  |m A14851605551 
998 f f |a UA603 .M253 2021  |t 0  |l Evans: Library Stacks